| 000 | 00808nam a22002657a 4500 | ||
|---|---|---|---|
| 003 | CHAP | ||
| 005 | 20220329134858.0 | ||
| 008 | 971013s r 00010 d | ||
| 010 | _a27387 | ||
| 011 | _a28359 | ||
| 035 | _a32463 | ||
| 040 | _cCHAP | ||
| 090 | _aR-720 | ||
| 100 | 0 | 0 |
_aKempthorne, Oscar. _963003 |
| 245 | _aMultivariate responses in comparative experiments | ||
| 500 | _aSobretiro de : Multivariate analysis AF 33 (615) 3016 : 521-540, 1966 | ||
| 590 |
_aBATCH-UPD _b10 _c20130110 _lUCH01 _h1739 |
||
| 590 |
_aBATCH-UPD _b10 _c20130410 _lUCH01 _h1118 |
||
| 590 |
_aBATCH-UPD _b10 _c20130914 _lUCH01 _h0346 |
||
| 590 |
_aCONVERSION _b10 _c20130109 _lUCH01 _h1316 |
||
| 650 | 1 | 4 |
_aAnĂ¡lisis de varianza. _95977 |
| 901 | _aBK | ||
| 942 | _cREIMP | ||
| 949 |
_aR-720 _bBC _cR _d-75545 _eTS1 _i32463 _si |
||
| 999 |
_c27387 _d27387 |
||